| 000 | 01953nam a2200277Ia 4500 | ||
|---|---|---|---|
| 003 | OSt | ||
| 005 | 20211206140154.0 | ||
| 008 | 210310s1986 ck ad gr 000 0 spa d | ||
| 020 | _a9586060063 | ||
| 040 |
_aCO-JMCR _cCO-JMCR |
||
| 041 | 0 | _aspa | |
| 082 | 0 | 4 |
_a336.3435 / _bB658c _223 |
| 100 | 1 |
_aBlumer-Thomas, Víctor _eautor _941735 |
|
| 245 | 1 | 3 |
_ala crisis de la deuda en américa latina _cVíctor Blumer-Thomas, Dionisio Díaz Carneiro, Carlos Díaz-Alejandro [y otros 5] ; editores, Rosemary Thorp, Laurence Whitehead |
| 260 |
_aBogotá : _bSiglo veintiuno, _c1986. |
||
| 300 |
_a319 páginas ; _c23 cm. |
||
| 505 |
_tIntroducción / _rRosemary Thorp y Laurence Whitehead. -- _tAlgunos aspectos de la crisis del desarrollo en xamérica latina / _rCarlos F. Díaz-Alejandro. -- _tEl ajuste a largo plazo, la crisis de la deuda y el papel cambiante de las políticas de estabilización en la reciente experiencia brasileña. / _rDionisio Dias Carneiro. -- _tDel auge petrolero a la crisis de la deuda. Un análisis de la política económica en el período 1978-85. / _rJaime Ros. -- _tProceso de ajuste en chile: una perspectiva comparativa. / _rLaurence Whitehea. -- _tEl último ciclo inflacionario argentino: 1979. 1985. / _rGuido di Tella. -- _tPolíticas de ajuste en el Perú: efectos de una crisis prolongada. / _rRosemary Thorp. -- _tCrisis y política económica en Colombia, 1980 1985. / _rJosé Antonio Ocampo. -- _tLa crisis de la balanza de pagos y los programas de ajuste en Centroamérica / _rVíctor Bulmer-Thomas. -- _tReseña y conclusiones. / _rRosemary Thorp y Whitehead. |
||
| 650 | 1 | 4 |
_aDesarrollo económico _941736 |
| 650 | 2 | 4 |
_aAuge petrolero _941737 |
| 650 | 2 | 4 |
_aAnálisis político _941738 |
| 700 | 1 |
_aDíaz Carneiro, Dionisio _eautor _941739 |
|
| 700 | 1 |
_aDíaz-Alejandro, Carlos, _eautor _941740 |
|
| 700 | 1 |
_aThorp, Rosemary _eeditor _940268 |
|
| 700 | 1 |
_aWhitehead, Laurence _eeditor _92613 |
|
| 942 |
_2ddc _cBK |
||
| 999 |
_c12838 _d12838 |
||